Normal view
MARC view
Entry Personal Name
001 - CONTROL NUMBER
- control field: 26012
003 - CONTROL NUMBER IDENTIFIER
- control field: ARRUPE
005 - DATE AND TIME OF LATEST TRANSACTION
- control field: 20160920153626.0
008 - FIXED-LENGTH DATA ELEMENTS
- fixed length control field: 160920|| aca||aabn | a|a d
040 ## - CATALOGING SOURCE
- Original cataloging agency: ARRUPE
- Transcribing agency: ARRUPE
100 ## - HEADING--PERSONAL NAME
- Personal name: Levy, Norman,
- Dates associated with a name: 1929-
670 ## - SOURCE DATA FOUND
- Source citation: Work cat.: (ARRUPE)0: Levy, Norman, 1929-, The foundations of the South African cheap labour system /, 1982.